only click current eredivisie players - Statistics

General Stats
  • This quiz has been taken 34 times
  • The average score is 6 of 10
Answers on the Grid
Answers color-coded by a green-red scale on the quiz's grid according to % correct below.
Ivan Perisic
Burak Yilmaz
Joey Veerman
Bart Verbruggen
Lutsharel Geertruida
Sam Lammers
Bram de Jonge
Phillipe Sandler
Troy Parrot
Michiel Kramer
Youri Baas
Jasper Cillessen
Malik Tilmann
Luuk de Jong
Kasper Dolberg
Victor Edvarsen
Luciano Valente
 
Answer Stats
Answer % Correct
Ivan Perisic
94%
Joey Veerman
94%
Sam Lammers
72%
Kasper Dolberg
61%
Phillipe Sandler
61%
Victor Edvarsen
61%
Troy Parrot
56%
Youri Baas
56%
Luciano Valente
50%
Jasper Cillessen
39%
No matching quizzes found
Score Distribution
Percent of People with Each Score
Percentile by Number Answered
Your Score History
You have not taken this quiz